[Event "Russian Women's Higher League 2021"]
[Site "?"]
[Date "2021.06.29"]
[Round "4.13"]
[White "Grigorieva, Yulia"]
[Black "Ovod, Evgenija"]
[Result "0-1"]
[WhiteElo "2143"]
[BlackElo "2322"]
[Annotator ""]
[Source ""]
[Remark ""]

1.e4 {[%clk 1:30:57]} e5 {[%clk 1:30:53]} 2.Nf3 {[%clk 1:31:22]}
Nc6 {[%clk 1:31:20]} 3.Bb5 {[%clk 1:31:45]} Nf6 {[%clk 1:31:44]}
4.O-O {[%clk 1:32:02]} Bc5 {[%clk 1:32:06]} 5.c3 {[%clk 1:32:15]}
O-O {[%clk 1:32:26]} 6.d4 {[%clk 1:32:32]} Bb6 {[%clk 1:32:52]}
7.Bg5 {[%clk 1:32:35]} h6 {[%clk 1:33:12]} 8.Bh4 {[%clk 1:32:55]}
d6 {[%clk 1:33:39]} 9.a4 {[%clk 1:32:40]} a5 {[%clk 1:29:37]}
10.Qc1 {[%clk 1:30:04]} Qe7 {[%clk 1:22:20]} 11.Re1 {[%clk 1:28:18]}
Nb8 {[%clk 1:18:48]} 12.Nbd2 {[%clk 1:16:32]} c6 {[%clk 1:19:07]}
13.Bd3 {[%clk 1:11:55]} Nbd7 {[%clk 1:19:25]} 14.Nc4 {[%clk 1:07:31]}
Bc7 {[%clk 1:19:23]} 15.Ne3 {[%clk 1:05:53]} Re8 {[%clk 1:19:47]}
16.Qc2 {[%clk 0:48:22]} Qf8 {[%clk 1:16:32]} 17.Rad1 {[%clk 0:42:45]}
g6 {[%clk 1:16:07]} 18.dxe5 {[%clk 0:35:36]} dxe5 {[%clk 1:14:55]}
19.Bc4 {[%clk 0:34:24]} Kg7 {[%clk 1:12:20]} 20.Nd2 {[%clk 0:29:51]}
Nc5 {[%clk 1:10:30]} 21.f3 {[%clk 0:28:48]} Nh5 {[%clk 1:10:43]}
22.Bf2 {[%clk 0:27:49]} Nf4 {[%clk 1:11:01]} 23.Bf1 {[%clk 0:24:33]}
h5 {[%clk 1:08:50]} 24.g3 {[%clk 0:23:49]} Nh3+ {[%clk 1:08:45]}
25.Bxh3 {[%clk 0:24:17]} Bxh3 {[%clk 1:09:12]} 26.g4 {[%clk 0:13:56]}
hxg4 {[%clk 1:09:36]} 27.fxg4 {[%clk 0:14:05]} Qe7 {[%clk 1:09:46]}
28.Kh1 {[%clk 0:07:02]} Rh8 {[%clk 0:57:26]} 29.Rg1 {[%clk 0:05:53]}
Rad8 {[%clk 0:54:19]} 30.Rg3 {[%clk 0:03:03]} Kf8 {[%clk 0:50:45]}
31.Nf5 {[%clk 0:02:08]} gxf5 {[%clk 0:48:10]} 32.gxf5 {[%clk 0:02:37]}
Bb6 {[%clk 0:48:29]} 33.Rdg1 {[%clk 0:01:54]} Nd7 {[%clk 0:42:53]}
34.Bxb6 {[%clk 0:00:48]} Nxb6 {[%clk 0:43:20]} 35.Nf3 {[%clk 0:00:53]}
Qc5 {[%clk 0:29:15]} 36.Qc1 {[%clk 0:00:53]} Ke8 {[%clk 0:20:07]}
37.Ng5 {[%clk 0:00:39]} Bxf5 {[%clk 0:14:40]} 38.exf5 {[%clk 0:00:54]}
Qd5+ {[%clk 0:13:44]} 39.Nf3 {[%clk 0:00:48]} Rd6 {[%clk 0:10:07]}
40.Qe3 {[%clk 0:30:39]} Nc4 {[%clk 0:36:47]} 41.Qe2 {[%clk 0:18:43]}
Rdh6 {[%clk 0:28:59]} 42.Rg8+ {[%clk 0:14:53]} Rxg8 {[%clk 0:29:21]}
43.Rxg8+ {[%clk 0:15:21]} Ke7 {[%clk 0:29:46]} 44.b3 {[%clk 0:04:35]}
Nd2 {[%clk 0:28:59]} 45.Qxd2 {[%clk 0:01:29]} Qxf3+ {[%clk 0:29:23]}
46.Kg1 {[%clk 0:01:45]} Rd6 {[%clk 0:29:27]} 47.Qg5+ {[%clk 0:01:45]}
Rf6 {[%clk 0:29:30]} 48.Qd2 {[%clk 0:01:28]} Qd5 {[%clk 0:29:06]}
49.Qxd5 {[%clk 0:00:38]} cxd5 {[%clk 0:29:33]} 50.b4 {[%clk 0:00:39]}
axb4 {[%clk 0:20:25]} 51.cxb4 {[%clk 0:01:09]} Ra6 {[%clk 0:20:51]}
52.Rb8 {[%clk 0:00:53]} Rxa4 {[%clk 0:21:14]} 53.Rxb7+ {[%clk 0:01:21]}
Kf6 {[%clk 0:21:39]} 54.Kf2 {[%clk 0:01:20]} Kxf5 {[%clk 0:19:44]}
55.Rxf7+ {[%clk 0:01:44]} Ke4 {[%clk 0:20:09]} 56.Rb7 {[%clk 0:00:43]}
d4 {[%clk 0:20:16]} 57.h4 {[%clk 0:00:49]} Kd3 {[%clk 0:19:03]}
58.h5 {[%clk 0:00:50]} e4 {[%clk 0:18:56]} 59.h6 {[%clk 0:00:51]}
e3+ {[%clk 0:18:48]} 60.Kf3 {[%clk 0:00:37]} Ra8 {[%clk 0:16:06]}
61.h7 {[%clk 0:00:34]} e2 {[%clk 0:15:15]} 62.Re7 {[%clk 0:01:01]}
Rf8+ {[%clk 0:15:38]} 63.Kg4 {[%clk 0:00:37]} Kd2 {[%clk 0:15:33]}
64.Kg5 {[%clk 0:00:35]} e1Q {[%clk 0:15:51]} 65.Rxe1 {[%clk 0:01:02]}
Kxe1 {[%clk 0:16:17]} 66.Kg6 {[%clk 0:01:00]} d3 {[%clk 0:16:42]}
67.Kg7 {[%clk 0:01:27]} Rb8 {[%clk 0:17:07]} 0-1

[Event "Russian Women's Higher League 2021"]
[Site "?"]
[Date "2021.06.29"]
[Round "4.14"]
[White "Mikheeva, Galina"]
[Black "Shafigullina, Zarina"]
[Result "0-1"]
[WhiteElo "1838"]
[BlackElo "2244"]
[Annotator ""]
[Source ""]
[Remark ""]

1.d4 {[%clk 1:30:54]} Nf6 {[%clk 1:30:47]} 2.Nc3 {[%clk 1:31:12]}
d5 {[%clk 1:30:02]} 3.Bf4 {[%clk 1:31:35]} e6 {[%clk 1:17:29]}
4.Nb5 {[%clk 1:31:30]} Na6 {[%clk 1:17:14]} 5.e3 {[%clk 1:31:53]}
c5 {[%clk 1:12:34]} 6.dxc5 {[%clk 1:26:53]} Bxc5 {[%clk 1:12:04]}
7.Nf3 {[%clk 1:19:33]} O-O {[%clk 1:10:39]} 8.c3 {[%clk 1:16:50]}
Ne4 {[%clk 1:07:29]} 9.Bd3 {[%clk 1:12:55]} f6 {[%clk 0:59:24]}
10.Qc2 {[%clk 0:55:40]} e5 {[%clk 0:48:18]} 11.Bg3 {[%clk 0:54:12]}
Bf5 {[%clk 0:47:44]} 12.Nd2 {[%clk 0:45:14]} Qd7 {[%clk 0:36:54]}
13.a4 {[%clk 0:41:21]} Nxg3 {[%clk 0:37:08]} 14.hxg3 {[%clk 0:41:30]}
Bxd3 {[%clk 0:37:29]} 15.Qxd3 {[%clk 0:41:55]} f5 {[%clk 0:37:45]}
16.Nb3 {[%clk 0:38:47]} Be7 {[%clk 0:34:07]} 17.Rd1 {[%clk 0:26:05]}
Rfd8 {[%clk 0:31:21]} 18.Ke2 {[%clk 0:17:10]} g6 {[%clk 0:27:04]}
19.Rd2 {[%clk 0:16:06]} b6 {[%clk 0:25:20]} 20.Rhd1 {[%clk 0:15:48]}
Qb7 {[%clk 0:25:26]} 21.c4 {[%clk 0:10:56]} Rac8 {[%clk 0:20:27]}
22.cxd5 {[%clk 0:10:09]} Nb4 {[%clk 0:20:53]} 23.Qb1 {[%clk 0:10:23]}
Nxd5 {[%clk 0:19:27]} 24.Qa2 {[%clk 0:05:04]} Kf8 {[%clk 0:13:10]}
25.Na1 {[%clk 0:05:02]} Nb4 {[%clk 0:10:21]} 26.Rxd8+ {[%clk 0:05:16]}
Rxd8 {[%clk 0:10:46]} 27.Rxd8+ {[%clk 0:05:43]} Bxd8 {[%clk 0:11:08]}
28.Qe6 {[%clk 0:04:20]} Qe4 {[%clk 0:06:18]} 29.Qb3 {[%clk 0:01:19]}
Be7 {[%clk 0:05:41]} 30.Nxa7 {[%clk 0:01:01]} Qxg2 {[%clk 0:02:26]}
31.Nc8 {[%clk 0:01:12]} f4 {[%clk 0:01:20]} 32.exf4 {[%clk 0:01:02]}
Qe4+ {[%clk 0:00:59]} 33.Kd2 {[%clk 0:00:45]} Qd4+ {[%clk 0:00:51]}
34.Kc1 {[%clk 0:00:33]} Qc5+ {[%clk 0:01:01]} 35.Kd2 {[%clk 0:00:53]}
Qxc8 {[%clk 0:01:07]} 36.fxe5 {[%clk 0:01:19]} Qd7+ {[%clk 0:01:12]}
37.Ke2 {[%clk 0:01:35]} Qg4+ {[%clk 0:01:15]} 38.Kf1 {[%clk 0:01:27]}
Bc5 {[%clk 0:01:10]} 39.e6 {[%clk 0:01:27]} Ke7 {[%clk 0:01:08]}
40.a5 {[%clk 0:31:16]} bxa5 {[%clk 0:31:04]} 41.Qc3 {[%clk 0:31:13]}
Qd4 {[%clk 0:30:29]} 0-1

[Event "Russian Women's Higher League 2021"]
[Site "?"]
[Date "2021.06.29"]
[Round "4.15"]
[White "Nosacheva, Mariya"]
[Black "Khokhlova, Daria"]
[Result "1/2-1/2"]
[WhiteElo "2226"]
[BlackElo "2148"]
[Annotator ""]
[Source ""]
[Remark ""]

1.e4 {[%clk 1:30:58]} e6 {[%clk 1:30:55]} 2.d4 {[%clk 1:31:07]}
d5 {[%clk 1:31:16]} 3.Nc3 {[%clk 1:31:30]} Bb4 {[%clk 1:31:07]}
4.e5 {[%clk 1:18:35]} c5 {[%clk 1:29:17]} 5.a3 {[%clk 1:18:22]}
Bxc3+ {[%clk 1:29:25]} 6.bxc3 {[%clk 1:18:45]} Ne7 {[%clk 1:28:24]}
7.Qg4 {[%clk 1:19:07]} O-O {[%clk 1:27:09]} 8.h4 {[%clk 1:15:45]}
cxd4 {[%clk 1:25:29]} 9.cxd4 {[%clk 1:15:07]} Qc7 {[%clk 1:25:57]}
10.Ra2 {[%clk 1:09:29]} f6 {[%clk 1:26:24]} 11.Bd3 {[%clk 1:01:22]}
fxe5 {[%clk 1:24:19]} 12.dxe5 {[%clk 0:59:44]} Nbc6 {[%clk 1:20:23]}
13.f4 {[%clk 0:58:35]} Qa5+ {[%clk 0:54:28]} 14.Kd1 {[%clk 0:57:50]}
Nb4 {[%clk 0:38:53]} 15.axb4 {[%clk 0:56:39]} Qxa2 {[%clk 0:39:20]}
16.Nf3 {[%clk 0:57:02]} Nf5 {[%clk 0:37:16]} 17.Qh5 {[%clk 0:52:53]}
Bd7 {[%clk 0:34:11]} 18.Ng5 {[%clk 0:53:06]} h6 {[%clk 0:34:33]}
19.Qg6 {[%clk 0:53:28]} hxg5 {[%clk 0:34:19]} 20.hxg5 {[%clk 0:53:53]}
Rac8 {[%clk 0:28:26]} 21.g4 {[%clk 0:51:33]} Rxc2 {[%clk 0:19:53]}
22.Bxc2 {[%clk 0:50:37]} Rc8 {[%clk 0:20:10]} 23.Rh2 {[%clk 0:50:47]}
Qc4 {[%clk 0:18:21]} 24.Qh7+ {[%clk 0:46:32]} Kf8 {[%clk 0:15:49]}
25.gxf5 {[%clk 0:44:37]} Qf1+ {[%clk 0:12:50]} 26.Kd2 {[%clk 0:45:05]}
Qxf4+ {[%clk 0:12:28]} 27.Kd1 {[%clk 0:45:26]} Qf1+ {[%clk 0:12:41]}
28.Kd2 {[%clk 0:45:51]} Qf4+ {[%clk 0:13:06]} 29.Kd1 {[%clk 0:46:18]}
Qf1+ {[%clk 0:11:47]} 30.Kd2 {[%clk 0:46:39]} Qf4+ 1/2-1/2

[Event "Russian Women's Higher League 2021"]
[Site "?"]
[Date "2021.06.29"]
[Round "4.16"]
[White "Tochilkina, Ekaterina"]
[Black "Murashova, Ekaterina"]
[Result "0-1"]
[WhiteElo "1877"]
[BlackElo "2214"]
[Annotator ""]
[Source ""]
[Remark ""]

1.e4 {[%clk 1:30:56]} c5 {[%clk 1:30:55]} 2.Nf3 {[%clk 1:31:17]}
d6 {[%clk 1:31:21]} 3.d4 {[%clk 1:31:42]} cxd4 {[%clk 1:31:48]}
4.Nxd4 {[%clk 1:32:07]} Nf6 {[%clk 1:32:15]} 5.Nc3 {[%clk 1:32:30]}
a6 {[%clk 1:32:42]} 6.Be2 {[%clk 1:32:46]} e5 {[%clk 1:33:08]}
7.Nb3 {[%clk 1:33:12]} Be7 {[%clk 1:33:32]} 8.Be3 {[%clk 1:33:11]}
Be6 {[%clk 1:33:58]} 9.Nd5 {[%clk 1:32:31]} Nbd7 {[%clk 1:34:19]}
10.Qd3 {[%clk 1:32:50]} O-O {[%clk 1:33:59]} 11.g4 {[%clk 1:30:41]}
Nxg4 {[%clk 1:21:50]} 12.Bxg4 {[%clk 1:26:01]} Bxg4 {[%clk 1:22:14]}
13.Rg1 {[%clk 1:16:30]} Bh5 {[%clk 1:21:55]} 14.Qf1 {[%clk 0:55:28]}
Rc8 {[%clk 1:01:03]} 15.Qg2 {[%clk 0:52:46]} Bg6 {[%clk 1:01:25]}
16.O-O-O {[%clk 0:51:26]} Nf6 {[%clk 0:46:59]} 17.f3 {[%clk 0:44:19]}
Nxd5 {[%clk 0:45:25]} 18.Rxd5 {[%clk 0:44:38]} Qc7 {[%clk 0:43:03]}
19.Kb1 {[%clk 0:35:59]} f5 {[%clk 0:37:12]} 20.Rc1 {[%clk 0:25:23]}
fxe4 {[%clk 0:27:04]} 21.fxe4 {[%clk 0:25:38]} b5 {[%clk 0:26:52]}
22.Nd2 {[%clk 0:20:10]} Qd7 {[%clk 0:20:15]} 23.Qg3 {[%clk 0:13:21]}
Qe6 {[%clk 0:19:36]} 24.Rg1 {[%clk 0:12:42]} Rxc2 {[%clk 0:14:38]}
25.h4 {[%clk 0:08:25]} Rfc8 {[%clk 0:14:34]} 26.Rd3 {[%clk 0:06:54]}
Bf8 {[%clk 0:12:16]} 27.Qg5 {[%clk 0:05:44]} Bf7 {[%clk 0:08:05]}
28.Rd5 {[%clk 0:02:39]} Qe8 {[%clk 0:07:49]} 29.Rxd6 {[%clk 0:02:10]}
R2c6 {[%clk 0:05:00]} 30.Rd3 {[%clk 0:00:53]} Rg6 {[%clk 0:03:22]}
31.Qf5 {[%clk 0:01:05]} Rxg1+ {[%clk 0:03:30]} 32.Bxg1 {[%clk 0:01:32]}
Rd8 {[%clk 0:02:48]} 33.Qf3 {[%clk 0:00:47]} Rxd3 {[%clk 0:02:12]}
34.Qxd3 {[%clk 0:01:13]} Qe6 {[%clk 0:02:39]} 35.Nb3 {[%clk 0:01:13]}
Qg4 {[%clk 0:02:52]} 36.Bf2 {[%clk 0:01:07]} Bc4 {[%clk 0:02:58]}
37.Qe3 {[%clk 0:00:41]} Qd1+ {[%clk 0:03:04]} 38.Nc1 {[%clk 0:00:47]}
Bb4 {[%clk 0:01:49]} 39.Qg5 {[%clk 0:00:38]} Bd3+ {[%clk 0:01:48]}
40.Ka1 {[%clk 0:31:02]} Bxe4 {[%clk 0:31:28]} 41.Qe3 {[%clk 0:25:28]}
Bc2 {[%clk 0:25:13]} 42.Qg5 {[%clk 0:22:38]} Be7 {[%clk 0:24:51]}
43.Qe3 {[%clk 0:22:13]} Bc5 {[%clk 0:24:18]} 44.Qe1 {[%clk 0:22:08]}
Bxf2 {[%clk 0:24:38]} 0-1

[Event "Russian Women's Higher League 2021"]
[Site "?"]
[Date "2021.06.29"]
[Round "4.17"]
[White "Faizutdinova, Diana"]
[Black "Kovalevskaya, Ekaterina"]
[Result "0-1"]
[WhiteElo "2027"]
[BlackElo "2382"]
[Annotator ""]
[Source ""]
[Remark ""]

1.d4 {[%clk 1:30:56]} Nf6 {[%clk 1:30:43]} 2.Bf4 {[%clk 1:31:19]}
d5 {[%clk 1:22:58]} 3.e3 {[%clk 1:31:38]} Bf5 {[%clk 1:18:39]}
4.c3 e6 {[%clk 1:18:17]} 5.Qb3 {[%clk 1:28:28]} Qc8 {[%clk 1:16:05]}
6.Nd2 {[%clk 1:22:30]} Be7 {[%clk 1:16:01]} 7.Be2 {[%clk 1:20:27]}
c5 {[%clk 1:04:59]} 8.dxc5 {[%clk 1:14:39]} Nbd7 {[%clk 0:59:11]}
9.Bd6 {[%clk 1:03:58]} Bxd6 {[%clk 0:38:06]} 10.cxd6 {[%clk 1:04:21]}
O-O {[%clk 0:38:28]} 11.Ngf3 {[%clk 0:59:06]} Nc5 {[%clk 0:38:22]}
12.Qa3 {[%clk 0:58:40]} Rd8 {[%clk 0:30:58]} 13.O-O {[%clk 0:54:23]}
Rxd6 {[%clk 0:29:28]} 14.c4 {[%clk 0:40:00]} Ra6 {[%clk 0:22:35]}
15.Qc3 {[%clk 0:33:21]} Nfe4 {[%clk 0:20:02]} 16.Qe5 {[%clk 0:21:41]}
f6 {[%clk 0:14:49]} 17.Qd4 {[%clk 0:15:49]} e5 {[%clk 0:15:01]}
18.Qxd5+ {[%clk 0:15:49]} Be6 {[%clk 0:15:11]} 19.Qxe4 {[%clk 0:16:10]}
Nxe4 {[%clk 0:15:38]} 20.Nxe4 {[%clk 0:16:33]} Bxc4 {[%clk 0:14:22]}
21.Rfc1 {[%clk 0:15:50]} Bxe2 {[%clk 0:14:32]} 22.Rxc8+ {[%clk 0:16:16]}
Rxc8 {[%clk 0:14:59]} 23.Nh4 {[%clk 0:08:49]} Rxa2 {[%clk 0:13:26]}
24.Re1 {[%clk 0:08:53]} Rxb2 {[%clk 0:11:25]} 25.Nf5 {[%clk 0:09:19]}
Rcc2 {[%clk 0:11:43]} 26.Ned6 {[%clk 0:08:43]} Bd3 {[%clk 0:10:58]}
27.e4 {[%clk 0:08:16]} Rxf2 {[%clk 0:10:35]} 28.Ne3 {[%clk 0:08:34]}
Rfe2 {[%clk 0:10:55]} 29.Rc1 {[%clk 0:08:55]} Rb1 {[%clk 0:11:13]} 0-1

[Event "Russian Women's Higher League 2021"]
[Site "?"]
[Date "2021.06.29"]
[Round "4.18"]
[White "Karmanova, Olga Dm."]
[Black "Getman, Tatyana"]
[Result "0-1"]
[WhiteElo "2053"]
[BlackElo "2201"]
[Annotator ""]
[Source ""]
[Remark ""]

1.d4 {[%clk 1:30:55]} d5 {[%clk 1:30:50]} 2.c4 {[%clk 1:31:17]}
e6 {[%clk 1:31:12]} 3.Nf3 {[%clk 1:31:40]} Nf6 {[%clk 1:31:26]}
4.g3 {[%clk 1:32:02]} dxc4 {[%clk 1:31:39]} 5.Qa4+ {[%clk 1:32:11]}
Nbd7 {[%clk 1:31:08]} 6.Bg2 {[%clk 1:31:24]} a6 {[%clk 1:30:35]}
7.Nc3 {[%clk 1:30:42]} Rb8 {[%clk 1:28:37]} 8.Qxc4 {[%clk 1:29:45]}
b5 {[%clk 1:27:47]} 9.Qd3 {[%clk 1:29:28]} Bb7 {[%clk 1:27:26]}
10.Be3 {[%clk 1:27:34]} c5 {[%clk 1:20:23]} 11.dxc5 {[%clk 1:27:59]}
Bxc5 {[%clk 1:19:27]} 12.Bxc5 {[%clk 1:28:23]} Nxc5 {[%clk 1:19:53]}
13.Qxd8+ {[%clk 1:28:48]} Rxd8 {[%clk 1:20:16]} 14.O-O {[%clk 1:28:33]}
b4 {[%clk 1:06:17]} 15.Nd1 {[%clk 1:26:41]} O-O {[%clk 0:58:31]}
16.Ne3 {[%clk 1:19:16]} Na4 {[%clk 0:51:07]} 17.b3 {[%clk 1:07:32]}
Nc3 {[%clk 0:50:23]} 18.Rfe1 {[%clk 1:07:58]} a5 {[%clk 0:46:31]}
19.Nc4 {[%clk 1:04:15]} a4 20.Nfe5 {[%clk 0:58:24]} Bd5 {[%clk 0:29:47]}
21.Nc6 {[%clk 0:42:35]} Bxc6 {[%clk 0:28:44]} 22.Bxc6 {[%clk 0:40:44]}
a3 {[%clk 0:28:34]} 23.Bf3 {[%clk 0:36:21]} g5 {[%clk 0:23:52]}
24.h3 {[%clk 0:34:20]} h5 {[%clk 0:22:37]} 25.e4 {[%clk 0:27:51]}
g4 {[%clk 0:20:57]} 26.e5 {[%clk 0:26:08]} gxf3 {[%clk 0:20:51]}
27.exf6 {[%clk 0:26:32]} Ne2+ {[%clk 0:19:10]} 28.Kh2 {[%clk 0:25:53]}
Rd5 {[%clk 0:18:15]} 29.h4 {[%clk 0:21:10]} Rfd8 {[%clk 0:16:41]}
30.Kh3 {[%clk 0:18:21]} Kh7 {[%clk 0:16:48]} 31.Ne3 {[%clk 0:17:21]}
Rd2 {[%clk 0:15:10]} 32.Nc4 {[%clk 0:17:48]} R2d5 {[%clk 0:12:39]}
33.Ne3 {[%clk 0:18:11]} Rc5 {[%clk 0:11:21]} 34.Nc4 {[%clk 0:15:02]}
Rd4 {[%clk 0:10:33]} 35.Ne3 {[%clk 0:14:35]} Kg6 {[%clk 0:09:59]}
36.Kh2 {[%clk 0:14:40]} Kxf6 {[%clk 0:09:41]} 37.Kh3 {[%clk 0:14:12]}
Kg6 {[%clk 0:09:10]} 38.g4 {[%clk 0:13:08]} hxg4+ {[%clk 0:08:58]}
39.Nxg4 {[%clk 0:13:32]} f5 {[%clk 0:05:01]} 40.Nh2 {[%clk 0:42:10]}
Rf4 {[%clk 0:32:07]} 41.Rad1 {[%clk 0:37:52]} Rd5 {[%clk 0:31:15]}
42.Nf1 {[%clk 0:34:23]} Rxd1 {[%clk 0:29:41]} 43.Rxd1 {[%clk 0:34:49]}
Rd4 {[%clk 0:24:31]} 44.Rxd4 {[%clk 0:28:07]} Nxd4 {[%clk 0:24:56]}
45.Ne3 {[%clk 0:28:33]} f4 {[%clk 0:22:41]} 46.Nc4 {[%clk 0:28:51]}
Kh5 {[%clk 0:22:39]} 47.Ne5 {[%clk 0:28:41]} Nxb3 {[%clk 0:19:41]}
48.Nd3 {[%clk 0:27:49]} e5 {[%clk 0:19:46]} 49.Nxb4 {[%clk 0:26:23]}
Nc1 {[%clk 0:20:01]} 50.Nc2 {[%clk 0:26:33]} Nxa2 {[%clk 0:20:04]}
51.Nxa3 {[%clk 0:26:53]} Nb4 {[%clk 0:18:27]} 52.Nc4 {[%clk 0:22:42]}
Nd3 {[%clk 0:18:46]} 53.Kh2 {[%clk 0:22:53]} Kxh4 {[%clk 0:17:12]}
54.Nd2 {[%clk 0:23:07]} Kg4 {[%clk 0:16:56]} 55.Kg1 {[%clk 0:23:22]}
Nc5 {[%clk 0:16:35]} 56.Nc4 {[%clk 0:23:16]} e4 {[%clk 0:16:18]}
57.Kf1 {[%clk 0:23:42]} Nd3 {[%clk 0:15:58]} 58.Kg1 {[%clk 0:23:16]}
Kf5 {[%clk 0:15:51]} 59.Kf1 {[%clk 0:21:26]} Ke6 {[%clk 0:15:56]}
60.Kg1 {[%clk 0:21:49]} Kd5 {[%clk 0:16:03]} 61.Nd2 {[%clk 0:21:59]}
Ne5 {[%clk 0:15:42]} 62.Nb3 {[%clk 0:18:01]} e3 {[%clk 0:15:31]}
63.fxe3 {[%clk 0:18:26]} fxe3 {[%clk 0:15:57]} 64.Nc1 {[%clk 0:18:50]}
Kc4 {[%clk 0:15:55]} 65.Kf1 {[%clk 0:18:45]} Nd3 {[%clk 0:16:09]} 0-1

[Event "Russian Women's Higher League 2021"]
[Site "?"]
[Date "2021.06.29"]
[Round "4.19"]
[White "Yakimova, Mariya"]
[Black "Asatryan, Maria"]
[Result "1-0"]
[WhiteElo "2200"]
[BlackElo "1621"]
[Annotator ""]
[Source ""]
[Remark ""]

1.d4 {[%clk 1:30:57]} Nf6 {[%clk 1:30:54]} 2.c4 {[%clk 1:31:24]}
g6 {[%clk 1:31:20]} 3.Nc3 {[%clk 1:31:51]} d5 {[%clk 1:31:45]}
4.Bf4 {[%clk 1:32:19]} Bg7 {[%clk 1:31:44]} 5.e3 {[%clk 1:32:44]}
O-O {[%clk 1:31:35]} 6.Rc1 {[%clk 1:33:11]} c5 {[%clk 1:30:57]}
7.dxc5 {[%clk 1:33:06]} dxc4 {[%clk 1:28:59]} 8.Qxd8 {[%clk 1:31:30]}
Rxd8 {[%clk 1:29:22]} 9.Bxc4 {[%clk 1:31:54]} Nc6 {[%clk 1:29:48]}
10.Nf3 {[%clk 1:30:37]} Bf5 {[%clk 1:29:21]} 11.O-O {[%clk 1:27:12]}
Nd7 {[%clk 1:26:03]} 12.Na4 {[%clk 1:10:53]} Nf8 {[%clk 1:15:19]}
13.Ng5 {[%clk 1:09:06]} Be6 {[%clk 1:10:31]} 14.Nxe6 {[%clk 1:08:13]}
Nxe6 {[%clk 1:10:56]} 15.Bxe6 {[%clk 1:06:57]} fxe6 {[%clk 1:11:20]}
16.Rfd1 {[%clk 1:07:18]} Nb4 {[%clk 1:08:23]} 17.a3 {[%clk 0:48:56]}
Nd3 {[%clk 1:03:48]} 18.Bc7 {[%clk 0:47:54]} Rd5 {[%clk 1:03:02]}
19.Rc2 {[%clk 0:33:48]} Rc8 {[%clk 0:57:42]} 20.Ba5 {[%clk 0:18:47]}
b6 {[%clk 0:47:18]} 21.Bc3 {[%clk 0:12:48]} bxc5 {[%clk 0:45:08]}
22.Bxg7 {[%clk 0:11:34]} Kxg7 {[%clk 0:45:25]} 23.e4 {[%clk 0:11:15]}
Rd6 {[%clk 0:42:34]} 24.f3 {[%clk 0:09:34]} Rcd8 {[%clk 0:40:02]}
25.Rb1 {[%clk 0:08:18]} Rc6 {[%clk 0:32:16]} 26.Kf1 {[%clk 0:05:10]}
Rd4 {[%clk 0:29:06]} 27.Nc3 {[%clk 0:04:44]} c4 {[%clk 0:26:59]}
28.Ke2 {[%clk 0:02:44]} Nf4+ {[%clk 0:17:56]} 29.Ke3 {[%clk 0:02:52]}
e5 {[%clk 0:18:14]} 30.g3 {[%clk 0:02:50]} Rd3+ {[%clk 0:18:06]}
31.Kf2 {[%clk 0:03:17]} Ne6 {[%clk 0:16:53]} 32.Rd1 {[%clk 0:00:47]}
Rcd6 {[%clk 0:15:08]} 33.Rxd3 {[%clk 0:00:53]} Rxd3 {[%clk 0:15:33]}
34.Ne2 {[%clk 0:00:50]} Nd4 {[%clk 0:14:05]} 35.Nxd4 {[%clk 0:00:44]}
exd4 {[%clk 0:09:23]} 36.Rxc4 {[%clk 0:01:11]} Rd2+ {[%clk 0:08:52]}
37.Ke1 {[%clk 0:01:09]} Rxb2 {[%clk 0:09:17]} 38.Rxd4 {[%clk 0:01:31]}
Rb3 {[%clk 0:09:30]} 39.Ra4 {[%clk 0:01:41]} Rb7 {[%clk 0:08:49]}
40.f4 {[%clk 0:30:52]} h5 {[%clk 0:36:35]} 41.Ke2 {[%clk 0:29:03]}
Kf6 {[%clk 0:36:02]} 42.Ra6+ {[%clk 0:28:29]} e6 {[%clk 0:36:08]}
43.a4 {[%clk 0:27:14]} Rb2+ {[%clk 0:34:08]} 44.Ke3 {[%clk 0:27:28]}
Rb7 {[%clk 0:31:46]} 45.a5 {[%clk 0:27:09]} Rc7 {[%clk 0:27:50]}
46.Kd4 {[%clk 0:27:23]} Ke7 {[%clk 0:27:25]} 47.h3 {[%clk 0:25:59]}
Rd7+ {[%clk 0:25:41]} 48.Ke5 {[%clk 0:26:15]} Rd3 {[%clk 0:24:55]}
49.Rxa7+ {[%clk 0:26:41]} Kf8 {[%clk 0:25:13]} 50.Kf6 {[%clk 0:26:48]}
Kg8 {[%clk 0:25:16]} 51.Rg7+ {[%clk 0:27:07]} 1-0

[Event "Russian Women's Higher League 2021"]
[Site "?"]
[Date "2021.06.29"]
[Round "4.20"]
[White "Tokmakova, Ulyana"]
[Black "Loskutova, Viktoriya"]
[Result "0-1"]
[WhiteElo "1887"]
[BlackElo "2188"]
[Annotator ""]
[Source ""]
[Remark ""]

1.e4 {[%clk 1:30:56]} c5 {[%clk 1:28:44]} 2.b3 {[%clk 1:31:20]}
d6 {[%clk 1:22:10]} 3.Bb2 {[%clk 1:31:31]} Nf6 {[%clk 1:21:38]}
4.Nc3 {[%clk 1:27:47]} e5 {[%clk 1:19:27]} 5.Bc4 {[%clk 1:27:14]}
g6 {[%clk 1:16:19]} 6.Nge2 {[%clk 1:27:04]} Bg7 {[%clk 1:16:29]}
7.O-O {[%clk 1:26:47]} O-O {[%clk 1:11:44]} 8.d3 {[%clk 1:26:29]}
Nc6 {[%clk 1:05:19]} 9.f4 {[%clk 1:21:01]} exf4 {[%clk 0:57:32]}
10.Nxf4 {[%clk 1:20:56]} Ng4 {[%clk 0:57:48]} 11.Na4 {[%clk 0:54:53]}
Ne3 {[%clk 0:54:04]} 12.Qe2 {[%clk 0:52:34]} Bxb2 {[%clk 0:52:14]}
13.Nxb2 {[%clk 0:51:38]} Nxf1 {[%clk 0:52:39]} 14.Rxf1 {[%clk 0:51:52]}
Nd4 {[%clk 0:52:07]} 15.Qf2 {[%clk 0:51:41]} Qg5 {[%clk 0:44:06]}
16.Nd5 {[%clk 0:46:00]} Rb8 {[%clk 0:31:43]} 17.Nf6+ {[%clk 0:44:28]}
Kh8 {[%clk 0:28:49]} 18.c3 {[%clk 0:38:38]} Nf5 {[%clk 0:24:12]}
19.Nd5 {[%clk 0:30:41]} Ng7 {[%clk 0:22:13]} 20.b4 {[%clk 0:25:09]}
b6 {[%clk 0:20:08]} 21.Bb3 {[%clk 0:23:35]} Be6 {[%clk 0:18:56]}
22.d4 {[%clk 0:20:03]} cxb4 {[%clk 0:15:21]} 23.cxb4 {[%clk 0:20:16]}
Rbc8 {[%clk 0:15:08]} 24.Nd3 {[%clk 0:19:02]} Nh5 {[%clk 0:10:27]}
25.e5 dxe5 {[%clk 0:08:20]} 26.Nxe5 {[%clk 0:09:53]} Rc1 {[%clk 0:08:22]}
27.g4 {[%clk 0:04:59]} Bxg4 {[%clk 0:06:24]} 28.h4 {[%clk 0:04:11]}
Rxf1+ {[%clk 0:06:18]} 29.Kxf1 {[%clk 0:04:28]} Bh3+ {[%clk 0:06:30]}
30.Ke2 {[%clk 0:04:09]} Qc1 {[%clk 0:03:51]} 31.Nxf7+ {[%clk 0:03:41]}
Kg7 {[%clk 0:04:16]} 32.Ne3 {[%clk 0:03:15]} Qb2+ {[%clk 0:03:40]}
33.Nc2 {[%clk 0:03:33]} Be6 {[%clk 0:03:12]} 0-1